| 000 | 00783nam a22002177a 4500 | ||
|---|---|---|---|
| 999 |
_c7781 _d7781 |
||
| 003 | AR-CdUCM | ||
| 008 | 190321b ||||| |||| 00| 0 spa d | ||
| 040 |
_aMUNICIPALIDAD PROVINCIAL DEL CUSCO _cBIBLIOTECA MUNICIPAL DEL CUSCO |
||
| 082 |
_a616.9803 / _bC29 |
||
| 100 |
_aDel Carpio, Guillermo _921990 |
||
| 245 |
_aMedicina del trabajo : _bPlumbismo cronico ocupacional en nuestro medio / |
||
| 260 |
_aCusco : _bCol. M. L. P. _c1966. |
||
| 300 |
_a135 paginas ; _btablas, cuadros, ilustraciones, graficos, planos, _c21 cm. |
||
| 505 | _aContendo: intoxicaciones -- peru -- absorcion filosofica -- diversos tejidos... | ||
| 650 |
_aAbsorción _921991 |
||
| 650 |
_aMedicina _93637 |
||
| 650 |
_aTrabajo _94726 |
||
| 650 |
_aPlumbismo _98763 |
||
| 942 |
_2ddc _cLIBROS |
||
| 945 | _apjha | ||